Sexual life in ancient Rome / (Record no. 184697)
[ view plain ]
| 000 -LEADER | |
|---|---|
| fixed length control field | 01043 a2200229 4500 |
| 003 - CONTROL NUMBER IDENTIFIER | |
| control field | NUST |
| 005 - DATE AND TIME OF LATEST TRANSACTION | |
| control field | 20221214134833.0 |
| 010 ## - LIBRARY OF CONGRESS CONTROL NUMBER | |
| LC control number | 2001272386 |
| 020 ## - INTERNATIONAL STANDARD BOOK NUMBER | |
| International Standard Book Number | 0710307012 |
| 040 ## - CATALOGING SOURCE | |
| Transcribing agency | Nust |
| 082 00 - DEWEY DECIMAL CLASSIFICATION NUMBER | |
| Classification number | 306.7,KIE |
| 100 1# - MAIN ENTRY--PERSONAL NAME | |
| Personal name | Kiefer, Otto. |
| 9 (RLIN) | 104833 |
| 245 10 - TITLE STATEMENT | |
| Title | Sexual life in ancient Rome / |
| Statement of responsibility, etc. | Otto Kiefer ; translated by Gilbert and Helen Highet. |
| 260 ## - PUBLICATION, DISTRIBUTION, ETC. | |
| Place of publication, distribution, etc. | London ; |
| -- | New York : |
| Name of publisher, distributor, etc. | Kegan Paul International ; |
| Place of publication, distribution, etc. | New York : |
| Name of publisher, distributor, etc. | Distributed by Columbia University Press, |
| Date of publication, distribution, etc. | 1934 |
| 300 ## - PHYSICAL DESCRIPTION | |
| Extent | xi,399 p. : |
| Other physical details | ill. ; |
| Dimensions | 23 cm. |
| 440 #0 - SERIES STATEMENT/ADDED ENTRY--TITLE | |
| Title | Kegan Paul library of sexual life |
| 9 (RLIN) | 104834 |
| 505 ## - FORMATTED CONTENTS NOTE | |
| Formatted contents note | Woman in Roman Life (Page-7), The Romans and Cruelty (Page-64), Roman Religion and Philosophy in Relation To Sexual Life (Page-107), Physical Life (Page-148), Love in Roman Poetry (Page-178), Men and Woman of The Imperial Age (Page-296), The Fall of Roman and Its Causes (Page-349). |
| 650 #0 - SUBJECT ADDED ENTRY--TOPICAL TERM | |
| Topical term or geographic name entry element | Sex customs |
| Geographic subdivision | Rome. |
| 9 (RLIN) | 104835 |
| 651 #0 - SUBJECT ADDED ENTRY--GEOGRAPHIC NAME | |
| Geographic name | Rome |
| General subdivision | Civilization. |
| 9 (RLIN) | 104836 |
| 651 #0 - SUBJECT ADDED ENTRY--GEOGRAPHIC NAME | |
| Geographic name | Rome |
| General subdivision | Moral conditions. |
| 9 (RLIN) | 104837 |
| 942 ## - ADDED ENTRY ELEMENTS (KOHA) | |
| Source of classification or shelving scheme | |
| Koha item type | Book |
| Call number prefix | 306.7,KIE |
| Withdrawn status | Lost status | Source of classification or shelving scheme | Damaged status | Not for loan | Permanent Location | Current Location | Shelving location | Date acquired | Full call number | Barcode | Date last seen | Price effective from | Koha item type | Public note |
|---|---|---|---|---|---|---|---|---|---|---|---|---|---|---|
| Military College of Signals (MCS) | Military College of Signals (MCS) | General Stacks | 12/12/2016 | 306.7,KIE | MCS29562 | 12/08/2016 | 12/12/2016 | Book | Almirah No.49, Shelf No.3 |
